| 000 | 005890000a22001810004500 | ||
|---|---|---|---|
| 003 | MACL | ||
| 005 | 20160609124129.0 | ||
| 008 | 160609b xxu||||| |||| 00| 0 eng d | ||
| 040 |
_aMACL _cMACL |
||
| 041 | _aHindi | ||
| 082 | _a891.433 SAW | ||
| 100 |
_aसावन्त, शिवाजी _959151 |
||
| 245 |
_aमृत्युंजय _cशिवाजी सावन्त |
||
| 260 |
_aनई दिल्ली _bभारीतय ज्ञानपीठ _c2011 |
||
| 350 | _a450 | ||
| 650 |
_aउपन्यास _963366 |
||
| 942 |
_cHIN _k891.433 _2ddc |
||
| 999 |
_c45675 _d45675 |
||